Unit’s Digit of a^b - Statistics

General Stats
  • This quiz has been taken 3 times
  • The average score is 31 of 44
Answer Stats
Hint Answer % Correct
10^3 0
100%
10^1 0
100%
11^1 1
100%
6^1 6
100%
4^2 6
100%
12^4 6
100%
10^4 0
67%
10^2 0
67%
11^2 1
67%
11^4 1
67%
9^2 1
67%
7^4 1
67%
3^4 1
67%
9^4 1
67%
11^3 1
67%
12^1 2
67%
2^1 2
67%
3^1 3
67%
7^3 3
67%
4^1 4
67%
8^2 4
67%
12^2 4
67%
2^2 4
67%
4^3 4
67%
5^2 5
67%
5^4 5
67%
5^3 5
67%
5^1 5
67%
6^2 6
67%
8^4 6
67%
4^4 6
67%
2^4 6
67%
6^3 6
67%
6^4 6
67%
7^1 7
67%
3^3 7
67%
12^3 8
67%
8^1 8
67%
2^3 8
67%
7^2 9
67%
3^2 9
67%
9^1 9
67%
9^3 9
67%
8^3 2
33%
No matching quizzes found
Score Distribution
Percent of People with Each Score
Percentile by Number Answered
Your Score History
You have not taken this quiz